000 00618nam a2200205 4500
999 _c14365
_d14365
003 MIRAKIL
005 20211214000619.0
008 210402b tu ||||| |||| 00| 0 tur d
040 _aTR-AnCHP
_cTR-AnCHP
041 _aTur
082 _a956.102
_bT96 1979
245 1 0 _aTürkiye Cumhuriyeti, (1917-1974) /
_cçeviren: Gültekin Emre
260 _aAnkara:
_bKızılırmak Yayınevi,
_c1979.
300 _a218 s.:
_btbl.;
_c20 sm.
650 0 _95
_aTürkiye
_xTarih
_y1917-1974
650 0 _aSiyaset ve yönetim
_xTürkiye
_y1917-1974
_99
700 _96681
_aEmre, Gültekin
_eçev.
942 _2ddc
_cBKS
999 _d14365